| 000 | 01119cam a2200325 a 4500 | ||
|---|---|---|---|
| 001 | 2139 | ||
| 005 | 20231108074146.0 | ||
| 020 | _a0670035750 | ||
| 020 | _a9780439489201 | ||
| 040 |
_aDLC _cDLC _dDLC _beng |
||
| 050 | 0 | 0 |
_aPZ7.A2615 _bCaaef 2002 |
| 082 | 0 | 0 |
_a303 _221 |
| 100 | 1 | _aAdler, David A. | |
| 245 | 1 | 0 |
_aCam Jansen and the first day of school mystery / _cDavid A. Adler ; illustrated by Susanna Natti. |
| 250 | _aFirst Scholastic Printing, September 2003 | ||
| 260 |
_aNew York : _bScholastic, _c2002 |
||
| 300 |
_a51 pages : _billustration _c22 cm |
||
| 490 | 1 |
_aA Cam Jansen adventure ; _v22 |
|
| 505 | _aM | ||
| 520 | _aOn her first day of fifth grade, Cam Jansen uses her photographic memory to help the police find a car thief. Includes a memory game. | ||
| 521 |
_a600 _bLexile estimate |
||
| 521 |
_aM _bRaz-Plus |
||
| 650 | 1 |
_aFirst day of school _vFiction. |
|
| 650 | 1 |
_aSchools _vFiction. |
|
| 650 | 1 |
_aMemory _vFiction. |
|
| 650 | 1 | _aMystery and detective stories. | |
| 700 | 1 |
_aNatti, Susanna _eillustrator |
|
| 906 |
_a7 _bcbc _corignew _d1 _eocip _f20 _gy-gencatlg |
||
| 942 |
_2ddc _cBK _n0 |
||
| 999 |
_c2139 _d2139 |
||